000 00975nam a22002537a 4500
005 20170124102940.0
010 _aB-072597
020 _c70.00
035 _aB-072597
037 _bCen Lib/Ret
040 _aDPL
_bHN
082 _a822
_bसहगल
100 _aसहगल, प्रताप
_9210
245 _aअँधेरे में /
_cप्रताप सहगल
246 _aAndhere mein /
_bby Pratap Sehgal
260 _aदिल्ली
_bविकास पेपरबैक्स
_c2002
270 _aix/221, मेन रोड, गांधीनगर
_bदिल्ली
_e110031
300 _a72पृ.
_c21सेमी (सजिल्द)
650 _aहिन्दी साहित्य
_948007
650 _aहिन्दी साहित्य--नाटक
_946022
650 _aHindi Literature
_948008
650 _aHindi Literature--Play
_948009
942 _2ddc
_cHN
_h822
_mसहगल
999 _c112523
_d112523